| 000 | 00663nam a22002177a 4500 | ||
|---|---|---|---|
| 999 |
_c10086 _d10086 |
||
| 003 | AR-CdUCM | ||
| 008 | 190329b ||||| |||| 00| 0 spa d | ||
| 040 |
_aMUNICIPALIDAD PROVINCIAL DEL CUSCO _cBIBLIOTECA MUNICIPAL DEL CUSCO |
||
| 041 | _hfr | ||
| 082 |
_aEP / 800 / _bV52 |
||
| 100 |
_aVerne, Julio _910153 |
||
| 245 | _aLa vuelta al mundo en 80 días / | ||
| 260 |
_aBilbao : _bEditorial Vasco Americana, _c1963. |
||
| 300 |
_a122 paginas ; _bIlustraciones, _c19 cm. |
||
| 505 | _aContenido: Literatura universal. | ||
| 650 |
_aLiteratura universal _9611 |
||
| 650 |
_aFicción _9184 |
||
| 650 |
_aAventura _91719 |
||
| 942 |
_2ddc _cLIBROS |
||
| 945 | _adavv | ||